| 000 | 00664nam a2200205Ii 4500 | ||
|---|---|---|---|
| 003 | JO-AjNU | ||
| 008 | 230605s9999||||xx |||||||||||||| ||und|| | ||
| 040 |
_aJO-AjNU _bara _erda _cJO-AjNU |
||
| 041 | _aara | ||
| 050 | 1 | 4 | _aBP161.2.K4222 2012 |
| 100 | 3 |
_aالخليلي، أحمد بن حمد, _eauthor _945108 |
|
| 245 | 0 | 0 | _aالحق الدامغ |
| 250 | _aط4 | ||
| 264 | 3 | 1 | _aمسقط: مكتبة مسقط، 2012 |
| 300 | _a232ص | ||
| 336 |
_atext _btxt _2rdacontent |
||
| 337 |
_aunmediated _bn _2rdamedia |
||
| 338 |
_avolume _bnc _2rdacarrier |
||
| 650 | 4 |
_aالأباضية (فرقة اسلامية)- فرق اسلامية- علم الكلام _945109 |
|
| 999 |
_aA19529 _c23097 _d23097 |
||